[Event "SVK-chT2C 2223"]
[Site "Slovakia"]
[Date "2023.02.12"]
[Round "9.7"]
[White "Simo, Lubomir"]
[Black "Fuchsleitner, Peter"]
[Result "1-0"]
[WhiteElo "1819"]
[BlackElo "1377"]
[PlyCount "40"]
[EventDate "2022.10.08"]
[EventType "team-tourn"]
[EventRounds "11"]
[EventCountry "SVK"]
[SourceTitle "EXT 2024"]
[Source "ChessBase"]
[SourceDate "2023.10.10"]
[SourceVersion "1"]
[SourceVersionDate "2023.10.10"]
[SourceQuality "1"]
[WhiteTeam "Dunajov Martin III"]
[BlackTeam "Vinica"]
[WhiteTeamCountry "SVK"]
[BlackTeamCountry "SVK"]

1. e4 c5 2. Nf3 e6 3. c4 Nc6 4. d4 cxd4 5. Nxd4 Nf6 6. Nxc6 bxc6 7. Qd4 c5 8. Qe3 d6 9. Bd3 Bb7 10. 0-0 g6 11. Nc3 a6 12. Rd1 Bg7 13. Qh3 Nh5 14. Be2 Nf4 15. Bxf4 Bxc3 16. Qxc3 e5 17. Bxe5 Qg5 18. Bxh8 Bxe4 19. Bf3 Bxf3 20. Qxf3 Rd8 1-0